| 000 | 00667nam a2200241Ia 4500 | ||
|---|---|---|---|
| 003 | OSt | ||
| 005 | 20221007110315.0 | ||
| 006 | a|||||r|||| 00| 0 | ||
| 007 | ta | ||
| 008 | 221006b |||||||| |||| 00| 0 eng d | ||
| 024 | _a20,858 | ||
| 037 | _cTextual | ||
| 040 |
_aLCO _cLCO _beng |
||
| 041 |
_2eng _aeng |
||
| 082 | _aZ1,6, K8 | ||
| 100 |
_aWilson Robert R. Ed. _9707358 |
||
| 245 | 0 | _aInternational and Comparative Law of the Commonwealth | |
| 260 |
_aDurham _bDuke University Press U.S.A. _c1968 |
||
| 300 | _a247 | ||
| 650 |
_aCOMPARATIVE LAW _9681818 |
||
| 942 |
_hZ1,6, K8 _cTEXL |
||
| 999 |
_c1190421 _d1190421 |
||